| 000 | 00781nam a2200229 i 4500 | ||
|---|---|---|---|
| 001 | 77661 | ||
| 003 | ES-MaACL | ||
| 005 | 20250823085844.0 | ||
| 007 | t| | ||
| 008 | 041029s2003 pr ||||1| spa d | ||
| 020 | _a0-8477-0130-1 | ||
| 080 | _a929 Hostos, Eugenio María | ||
| 100 | 0 |
_aMéndez, José Luis, _d1941- _980121 |
|
| 245 | 1 | 0 |
_aHostos y las ciencias sociales / _cJosé Luis Méndez. |
| 250 | _a1ª ed. | ||
| 260 |
_aSan Juan de Puerto Rico : _bUniversidad de Puerto Rico, _c2003. |
||
| 300 |
_aXVI, 191 p. ; _c23 cm. |
||
| 600 | 1 | 4 |
_aHostos, Eugenio María de, _d1839-1903- _xCrítica e interpretación _964304 |
| 710 | 2 |
_aUniversidad de Puerto Rico _97273 |
|
| 852 |
_aES-MaACL _jE-10197 _z- Donativo Ateneo Puertorriqueño |
||
| 999 |
_c77661 _d77661 |
||